| 000 | 00697cam a2200217 a 4500 | ||
|---|---|---|---|
| 001 | 000006955 | ||
| 005 | 20200929154030.0 | ||
| 008 | 760106s1968 ag 001 0 spa | ||
| 040 |
_aDO-SdBNP _bspa _cOU _dBNPHU |
||
| 082 |
_a923.582 _bS684d |
||
| 100 | 1 |
_aSolari, Juan Antonio, _d1899-1980 _919319 |
|
| 245 | 1 | 0 | _aDías y obras de Sarmiento. |
| 260 |
_aBuenos Aires, (Argentina) : _bPlus Ultra, _c1968. |
||
| 300 |
_a123 p. ; _c20 cm. |
||
| 490 | 1 | _aPlus Ultra | |
| 600 | 1 | 4 |
_aSARMIENTO, DOMINGO FAUSTINO, _d1811-1888. _915530 |
| 650 | 1 | 4 |
_aSarmiento, domingo faustino _xCrítica e interpretación _919320 |
| 830 | 0 |
_aPlus Ultra. _919321 |
|
| 910 | _aCatalogación por copia / LC | ||
| 049 | _aBNGR | ||
| 999 |
_c6739 _d6739 |
||